000 00312nam a22001337a 4500
008 170609b xxu||||| |||| 00| 0 eng d
020 _a0026539602
041 _aeng
080 _a328
100 _a19
101 _aSHP
245 _aCIVICS RESPONSIBILJITIESV AND CITIIZENSHIP
_cSAFFELL.D.C
942 _2udc
_cBK
999 _c16767
_d16767